[Event "AUTO-INT-2332"]
[Site "http://www.queenalice.com/game.php?id=1106711"]
[Date "2012.9.26"]
[Round "2"]
[White "i3stitches"]
[Black "titi93"]
[Result "1-0"]
[WhiteElo "2042"]
[BlackElo "1494"]

1. e4 d5 2. exd5 Qxd5 3. Nc3 Qe6+ 4. Qe2 Qxe2+ 5. Bxe2 e6 6. Nf3 h6 7. O-O a6 8.
d4 Nc6 9. Bf4 Bd6 10. Be3 Nf6 11. h3 O-O 12. a3 e5 13. d5 Ne7 14. Rfd1 c6 15.
dxc6 Bc7 16. Bc5 Re8 17. cxb7 Bxb7 18. b4 Ned5 19. Nxd5 Bxd5 20. c4 Bc6 21. Nh4
e4 22. Nf5 Bd8 23. Nd6 Re5 24. Rac1 Nh5 25. Bd4 Re6 26. Be3 Bc7 27. c5 Bxd6 28.
cxd6 Ba4 29. Bxh5 Bxd1 30. Rxd1 Rd8 31. Bc5 Re5 32. Be2 a5 33. Bb6 Rd7 34. bxa5
f5 35. a6 Re6 36. a7 Rdxd6 37. a8=Q+ Kh7 38. Rxd6 Rxd6 39. Qa5 Rxb6 40. Qxb6 e3
41. Bd3 exf2+ 42. Kxf2 g6 43. Qc7+ Kh8 44. Qf7 g5 45. Bxf5 h5 46. Qh7# 1-0

[Event "AUTO-INT-2332"]
[Site "http://www.queenalice.com/game.php?id=1106712"]
[Date "2012.9.26"]
[Round "2"]
[White "titi93"]
[Black "i3stitches"]
[Result "0-1"]
[WhiteElo "1536"]
[BlackElo "2004"]

1. e4 c5 2. Na3 Nc6 3. c3 d6 4. Bc4 Nf6 5. d3 e6 6. Bb5 Bd7 7. d4 cxd4 8. Bxc6
Bxc6 9. cxd4 Nxe4 10. Nf3 Qa5+ 11. Bd2 Nxd2 12. Qxd2 Qxd2+ 13. Kxd2 Bxf3 14.
gxf3 Be7 15. Nc4 Kd7 16. f4 Rac8 17. b3 Bf6 18. Kd3 b5 19. Ne3 Rc7 20. a4 b4 21.
Rae1 Rc3+ 22. Ke4 d5+ 23. Kf3 Bxd4 24. Rb1 Rhc8 25. Rhg1 g6 26. Kg2 Bxe3 27.
fxe3 Rxe3 28. Rb2 Rcc3 29. Rgb1 a5 30. Kg1 Rf3 31. Rf1 Rxb3 32. Rxf3 Rxb2 33. f5
exf5 34. Rf1 b3 35. Rc1 Rc2 36. Rb1 b2 37. h3 Rc1+ 0-1

[Event "AUTO-INT-2332"]
[Site "http://www.queenalice.com/game.php?id=1106713"]
[Date "2012.9.26"]
[Round "2"]
[White "i3stitches"]
[Black "FFFABIO"]
[Result "1-0"]
[WhiteElo "2054"]
[BlackElo "1571"]

1. b3 e5 2. Bb2 d6 3. e3 Nc6 4. Bb5 Bd7 5. Ne2 Nf6 6. O-O a6 7. Bxc6 Bxc6 8. d4
Nd7 9. d5 Bb5 10. c4 Be7 11. cxb5 axb5 12. Nbc3 b4 13. Ne4 Nf6 14. N2g3 Ra5 15.
Nxf6+ Bxf6 16. e4 Qa8 17. Qc2 Rc5 18. Qd2 Qd8 19. Qxb4 Rc2 20. Bc1 b6 21. Qb5+
Qd7 22. Qxd7+ Kxd7 23. Be3 Ra8 24. a4 Rb2 25. Rfb1 Rxb1+ 26. Rxb1 h6 27. Ne2 g5
28. g4 Ra6 29. Nc3 c6 30. dxc6+ Kxc6 31. Nd5 Bg7 32. Rc1+ Kb7 33. Rc7+ Kb8 34.
Rxf7 Ra7 35. Rxa7 Kxa7 36. Bxb6+ Ka6 37. b4 Kb7 38. b5 Kc8 39. a5 Kb7 40. a6+
Kb8 41. Be3 Ka8 42. Nc7+ Kb8 43. b6 Kc8 44. a7 Kb7 45. a8=Q# 1-0

[Event "AUTO-INT-2332"]
[Site "http://www.queenalice.com/game.php?id=1106714"]
[Date "2012.9.26"]
[Round "2"]
[White "FFFABIO"]
[Black "i3stitches"]
[Result "0-1"]
[WhiteElo "1552"]
[BlackElo "2044"]

1. e4 c5 2. Nf3 d6 3. c3 e5 4. Qb3 Be7 5. d3 Nf6 6. a4 O-O 7. Be2 Nc6 8. Qa2 a5
9. Bg5 Be6 10. b3 h6 11. Bd2 d5 12. exd5 Bxd5 13. O-O Bxf3 14. gxf3 Qc8 15. Kh1
Qh3 16. Rg1 Nh5 17. Na3 Nf4 18. Bxf4 exf4 19. Rg2 Ne5 20. Rag1 g5 21. Nc4 Nxf3
22. Bxf3 Qxf3 23. Ne5 Qd5 24. Ng4 Qxd3 25. Nxh6+ Kg7 26. Ng4 Rh8 27. Ne5 Qxc3
28. Rxg5+ Bxg5 29. Ng4 Qf3+ 30. Rg2 Rad8 31. Qb2+ f6 32. Qc1 Rd1+ 33. Qxd1 Qxd1+
34. Rg1 Qf3+ 35. Rg2 Rd8 36. Nxf6 Rd1# 0-1

[Event "AUTO-MASTER-1743"]
[Site "http://www.queenalice.com/game.php?id=1108403"]
[Date "2012.10.1"]
[Round "1"]
[White "ednaldo_trajano"]
[Black "i3stitches"]
[Result "1-0"]
[WhiteElo "2329"]
[BlackElo "2048"]

1. Nc3 Nf6 2. d4 d6 3. e4 Nbd7 4. g3 e5 5. Nge2 Be7 6. Bg2 O-O 7. O-O b6 8. h3
Ba6 9. b3 exd4 10. Qxd4 c5 11. Qd2 Rc8 12. Rd1 Qc7 13. Nf4 Bb7 14. Nb5 Qb8 15.
Nxd6 Bxd6 16. Qxd6 Qxd6 17. Rxd6 Rfe8 18. f3 Ne5 19. Bb2 c4 20. Bxe5 Rxe5 21.
Bf1 cxb3 22. axb3 Rxc2 23. Rxa7 Rc7 24. Rxb6 1-0

[Event "AUTO-MASTER-1743"]
[Site "http://www.queenalice.com/game.php?id=1108404"]
[Date "2012.10.1"]
[Round "1"]
[White "i3stitches"]
[Black "ednaldo_trajano"]
[Result "0-1"]
[WhiteElo "2053"]
[BlackElo "2325"]

1. d4 Nf6 2. c4 c5 3. d5 e6 4. Nc3 d6 5. e4 exd5 6. cxd5 g6 7. f4 Bg7 8. Nf3 O-O
9. Bd3 Re8 10. O-O c4 11. Bc2 Na6 12. Qe2 b5 13. a3 Nc5 14. Nxb5 Qb6 15. Nbd4
Nd3 16. Bxd3 cxd3 17. Qd1 Rxe4 18. Qb3 Qxb3 19. Nxb3 Nxd5 20. g3 Rb8 21. Nbd2
Re2 22. Rb1 Bh3 0-1

[Event "AUTO-MASTER-1743"]
[Site "http://www.queenalice.com/game.php?id=1108419"]
[Date "2012.10.1"]
[Round "1"]
[White "alexsandrob3478"]
[Black "i3stitches"]
[Result "0-1"]
[WhiteElo "1976"]
[BlackElo "2029"]

1. d4 Nf6 2. c4 e6 3. Nc3 Bb4 4. Qc2 d5 5. e3 O-O 6. Nf3 b6 7. a3 Bxc3+ 8. bxc3
Ba6 9. Bd3 dxc4 10. Be2 b5 11. O-O Bb7 12. Ne5 Nbd7 13. Bf3 Bxf3 14. Nxf3 c6 15.
e4 h6 16. Re1 Qc7 17. g3 Rfe8 18. Bf4 Qa5 19. Bd6 Qd8 20. Ne5 Nxe5 21. Bxe5 Nd7
22. Bf4 Qf6 23. Qe2 Qg6 24. Qf3 a5 25. e5 Rec8 26. Reb1 Nb6 27. Bd2 a4 28. h4 h5
29. Bg5 Nd5 30. Rc1 Ra6 31. Rc2 Qxc2 32. Qxh5 Qxc3 33. Qd1 Qb3 34. h5 Qxd1+ 35.
Rxd1 b4 0-1

[Event "AUTO-MASTER-1743"]
[Site "http://www.queenalice.com/game.php?id=1108420"]
[Date "2012.10.1"]
[Round "1"]
[White "i3stitches"]
[Black "alexsandrob3478"]
[Result "1-0"]
[WhiteElo "2014"]
[BlackElo "1991"]

1. e4 c5 2. Nf3 d6 3. d4 cxd4 4. Nxd4 Nf6 5. Nc3 a6 6. Be2 e5 7. Nb3 Nc6 8. Bg5
Be7 9. Bxf6 gxf6 10. Bc4 b5 11. Bd5 Qc7 12. Qh5 O-O 13. O-O-O Be6 14. Rd3 b4 15.
Rg3+ Kh8 16. Ne2 Rg8 17. f4 Rac8 18. c4 bxc3 19. Rxc3 Qb6 20. Kb1 Na7 21. Bxe6
fxe6 22. Rh3 Rg7 23. Rc1 Rxc1+ 24. Nexc1 Qc6 25. Qf3 Nb5 26. fxe5 dxe5 27. g4
Nd4 28. Nxd4 exd4 29. Nd3 Bd8 30. e5 Qxf3 31. Rxf3 fxe5 32. Nxe5 Bc7 33. Nf7+
Kg8 34. Nh6+ Kh8 35. Rf8+ Rg8 36. Rxg8# 1-0

[Event "AUTO-MASTER-1743"]
[Site "http://www.queenalice.com/game.php?id=1108431"]
[Date "2012.10.1"]
[Round "1"]
[White "i3stitches"]
[Black "jrafaelcc"]
[Result "0-1"]
[WhiteElo "2013"]
[BlackElo "2177"]

1. d4 Nf6 2. Nf3 g6 3. g3 Bg7 4. Bg2 O-O 5. O-O d5 6. c4 c6 7. c5 Ne4 8. Nc3 f5
9. e3 Nd7 10. Nxe4 fxe4 11. Nd2 e5 12. Nb3 Qf6 13. f4 exd4 14. exd4 Qe7 15. Be3
Nf6 16. h3 Qc7 17. g4 b6 18. Rc1 Ba6 19. Rf2 Nd7 20. cxb6 axb6 21. Rfc2 Nb8 22.
Bf1 Bxf1 23. Qxf1 Rxa2 24. Qg2 Qd6 25. Qd2 Ra4 26. Ra1 Rxa1+ 27. Nxa1 Na6 28.
Qc3 Nb4 29. Rf2 Nd3 0-1

[Event "AUTO-MASTER-1743"]
[Site "http://www.queenalice.com/game.php?id=1108432"]
[Date "2012.10.1"]
[Round "1"]
[White "jrafaelcc"]
[Black "i3stitches"]
[Result "1-0"]
[WhiteElo "2169"]
[BlackElo "2043"]

1. e4 e5 2. Nf3 Nc6 3. Bc4 Bc5 4. c3 d6 5. d4 exd4 6. cxd4 Bb4+ 7. Nc3 Nge7 8.
h3 O-O 9. O-O Bxc3 10. bxc3 h6 11. Nh4 Be6 12. d5 Ne5 13. Be2 Bc8 14. f4 N5g6
15. Nf3 c5 16. f5 Ne5 17. Nxe5 dxe5 18. f6 Ng6 19. Be3 Qd6 20. Qd2 gxf6 21. Bxh6
Rd8 22. Rf3 Kh7 23. Raf1 f5 24. exf5 Nf4 25. Bxf4 exf4 26. Rxf4 1-0

[Event "Challenge"]
[Site "http://www.queenalice.com/game.php?id=1110199"]
[Date "2012.10.7"]
[Round "-"]
[White "i3stitches"]
[Black "arvo1938"]
[Result "0-1"]
[WhiteElo "2023"]
[BlackElo "2182"]

1. d4 d5 2. c4 Nf6 3. Nc3 Bf5 4. Bg5 Ne4 5. Nxe4 Bxe4 6. e3 f6 7. Bf4 e5 8. Qa4+
Nc6 9. dxe5 Bb4+ 10. Ke2 O-O 11. f3 fxe5 12. fxe4 dxe4 13. Rd1 Qh4 14. g3 Qg4+
15. Kf2 exf4 16. exf4 Rxf4+ 17. gxf4 e3+ 18. Kxe3 Re8+ 19. Kd3 Qf5# 0-1

[Event "Challenge"]
[Site "http://www.queenalice.com/game.php?id=1111710"]
[Date "2012.10.12"]
[Round "-"]
[White "i3stitches"]
[Black "AlekinePb"]
[Result "1-0"]
[WhiteElo "2046"]
[BlackElo "1849"]

1. d4 Nf6 2. Nf3 d5 3. g3 Bg4 4. Bg2 e6 5. O-O c5 6. Bg5 Nbd7 7. c3 Be7 8. Nbd2
O-O 9. h3 Bf5 10. Nh4 cxd4 11. Nxf5 exf5 12. cxd4 Rc8 13. Qb3 Nb6 14. Rac1 Ne4
15. Nxe4 fxe4 16. Rxc8 Nxc8 17. Bxe7 Qxe7 18. Qxd5 Nb6 19. Qxe4 Qxe4 20. Bxe4
Nd7 21. Bxb7 Rb8 22. Bc6 Nf6 23. Rb1 a5 24. e4 Kf8 25. e5 Ne8 26. a3 Nc7 27. b4
axb4 28. axb4 Ne6 29. d5 Nd4 30. b5 Ke7 31. b6 Ne2+ 32. Kg2 Nc3 33. Rb3 Na4 34.
Bxa4 1-0

[Event "Challenge"]
[Site "http://www.queenalice.com/game.php?id=1112709"]
[Date "2012.10.15"]
[Round "-"]
[White "AlekinePb"]
[Black "i3stitches"]
[Result "0-1"]
[WhiteElo "1838"]
[BlackElo "2042"]

1. d4 Nf6 2. c4 e6 3. Nf3 b6 4. Nc3 Bb7 5. Bg5 Be7 6. e3 O-O 7. Bd3 d5 8. cxd5
Nxd5 9. Bxe7 Qxe7 10. O-O Nxc3 11. bxc3 Bxf3 12. Qxf3 Nd7 13. Qe4 Nf6 14. Qh4 h6
15. e4 e5 16. f4 exf4 17. e5 Nd5 18. Qxe7 Nxe7 19. Rxf4 Nd5 20. Rf3 Rad8 21. c4
Nb4 22. Be4 Rxd4 23. Re1 Rxc4 24. Bb1 c5 25. a3 Nc6 26. Be4 Nxe5 27. Bh7+ Kxh7
28. Rxe5 f6 29. Re7 a5 30. Rb3 Rb8 31. Rd7 b5 32. Re3 b4 33. axb4 cxb4 34. Ree7
Rg4 35. Ra7 b3 36. h3 Rg6 37. Re1 b2 38. Rb1 Rg5 39. Rc7 a4 40. Ra7 Rc5 41. Rd7
Rc1+ 42. Rd1 Rxd1+ 0-1

[Event "Challenge"]
[Site "http://www.queenalice.com/game.php?id=1116510"]
[Date "2012.10.27"]
[Round "-"]
[White "i3stitches"]
[Black "andrevillares"]
[Result "1-0"]
[WhiteElo "2044"]
[BlackElo "2058"]

1. c4 Nf6 2. Nc3 e6 3. Nf3 d5 4. e3 Be7 5. d4 O-O 6. Bd3 Nbd7 7. O-O dxc4 8.
Bxc4 c5 9. d5 exd5 10. Nxd5 Nxd5 11. Bxd5 Nf6 12. e4 Nxd5 13. exd5 Bg4 14. Bf4
Bd6 15. Bxd6 Qxd6 16. Qb3 b6 17. h3 Bf5 18. Rad1 Rfe8 19. Rfe1 Qg6 20. Nh4 Bc2
21. Nxg6 Bxb3 22. axb3 hxg6 23. d6 Rad8 24. Rxe8+ Rxe8 25. f3 f5 26. d7 Rd8 27.
Rd6 Kf7 28. f4 Ke7 29. Rxg6 Rxd7 30. Rxg7+ Ke6 31. Rxd7 Kxd7 32. Kf2 Ke6 33. Ke3
Kd5 34. h4 b5 35. h5 Ke6 36. Kd3 a5 37. Ke3 c4 38. bxc4 bxc4 39. Kd4 Kd6 40. h6
1-0

[Event "AUTO-MASTER-1697"]
[Site "http://www.queenalice.com/game.php?id=1135185"]
[Date "2012.12.28"]
[Round "2"]
[White "yamato"]
[Black "i3stitches"]
[Result "1-0"]
[WhiteElo "2304"]
[BlackElo "2035"]

1. Nf3 Nf6 2. c4 e6 3. d4 b6 4. g3 Ba6 5. Qc2 Bb7 6. Bg2 Bb4+ 7. Bd2 Bxd2+ 8.
Qxd2 O-O 9. Nc3 d6 10. O-O Nbd7 11. d5 e5 12. Nh4 Re8 13. Nf5 Nf8 14. e4 Ng6 15.
Rfe1 1-0

[Event "AUTO-MASTER-1697"]
[Site "http://www.queenalice.com/game.php?id=1135186"]
[Date "2012.12.28"]
[Round "2"]
[White "i3stitches"]
[Black "yamato"]
[Result "0-1"]
[WhiteElo "2041"]
[BlackElo "2300"]

1. d4 Nf6 2. c4 c5 3. Nf3 e6 4. e3 d5 5. Nc3 Nc6 6. Bd3 cxd4 7. exd4 dxc4 8.
Bxc4 Be7 9. O-O O-O 10. Re1 b6 11. Bg5 Bb7 12. Bxf6 Bxf6 13. d5 Na5 14. Bb3 Nxb3
15. Qxb3 Bxd5 0-1